[Event "Titled Tuesday intern op 05th Sep Late"]
[Site "Chess.com INT"]
[Date "2023.09.05"]
[Round "4"]
[White "Bitelmajer, Martin"]
[Black "Brilej, Jaka"]
[Result "1/2-1/2"]
[WhiteElo "2475"]
[BlackElo "2306"]
[PlyCount "82"]
[EventDate "2023.09.05"]
[EventType "swiss (blitz)"]
[EventRounds "11"]
[EventCountry "USA"]
[SourceTitle "EXT 2024"]
[Source "ChessBase"]
[SourceDate "2023.10.10"]
[SourceVersion "1"]
[SourceVersionDate "2023.10.10"]
[SourceQuality "1"]

1. d4 Nf6 2. c4 g6 3. Nf3 Bg7 4. g3 d6 5. Bg2 0-0 6. 0-0 c5 7. e3 Bg4 8. Nc3 Qd7 9. b3 cxd4 10. exd4 Bh3 11. Bb2 Bxg2 12. Kxg2 Nc6 13. d5 Nb4 14. a3 Na6 15. Ne2 b5 16. Ned4 bxc4 17. bxc4 Rab8 18. Rb1 Nc5 19. Nc6 Rb3 20. Qe2 Na4 21. Bxf6 Rxb1 22. Nxe7+ Kh8 23. Bxg7+ Kxg7 24. Rxb1 Nc3 25. Qb2 Qxe7 26. Qxc3+ f6 27. Re1 Qd7 28. Re6 Rf7 29. Qe3 f5 30. Ng5 h6 31. Nxf7 Kxf7 32. Qd4 Qd8 33. c5 dxc5 34. Qxc5 g5 35. Qxa7+ Kf8 36. Qh7 Qxd5+ 37. Kg1 Qxe6 38. Qh8+ Kf7 39. Qh7+ Kf8 40. Qh8+ Kf7 41. Qh7+ Kf8 1/2-1/2

[Event "Titled Tuesday intern op 04th Jul Early"]
[Site "Chess.com INT"]
[Date "2023.07.04"]
[Round "11"]
[White "Bitelmajer, Martin"]
[Black "Feliz Dotel, Dewar Bienvenido"]
[Result "0-1"]
[WhiteElo "2475"]
[BlackElo "1984"]
[PlyCount "60"]
[EventDate "2023.07.04"]
[EventType "swiss (blitz)"]
[EventRounds "11"]
[EventCountry "USA"]
[SourceTitle "EXT 2024"]
[Source "ChessBase"]
[SourceDate "2023.10.10"]
[SourceVersion "1"]
[SourceVersionDate "2023.10.10"]
[SourceQuality "1"]

1. d4 d5 2. c4 e6 3. g3 c5 4. cxd5 exd5 5. Nf3 Nf6 6. Bg2 Nc6 7. 0-0 Be7 8. Nc3 0-0 9. Bg5 c4 10. Ne5 Be6 11. e3 h6 12. Bxf6 Bxf6 13. f4 Bxe5 14. fxe5 a6 15. Qf3 Ne7 16. a4 b6 17. g4 Qd7 18. h3 Rab8 19. Qg3 b5 20. axb5 axb5 21. g5 hxg5 22. Qxg5 b4 23. Na4 Bxh3 24. Nc5 Qg4 25. Qxg4 Bxg4 26. Rf4 Be6 27. Ra7 Ng6 28. Nxe6 Nxf4 29. Nxf4 c3 30. bxc3 bxc3 0-1

[Event "Titled Tuesday intern op 04th Jul Late"]
[Site "Chess.com INT"]
[Date "2023.07.04"]
[Round "2"]
[White "Bitelmajer, Martin"]
[Black "Kovalevsky, Stanislav"]
[Result "0-1"]
[WhiteElo "2475"]
[BlackElo "2226"]
[PlyCount "68"]
[EventDate "2023.07.04"]
[EventType "swiss (blitz)"]
[EventRounds "11"]
[EventCountry "USA"]
[SourceTitle "EXT 2024"]
[Source "ChessBase"]
[SourceDate "2023.10.10"]
[SourceVersion "1"]
[SourceVersionDate "2023.10.10"]
[SourceQuality "1"]

1. d4 d5 2. c4 c6 3. Nc3 Nf6 4. cxd5 cxd5 5. Bf4 Nc6 6. e3 a6 7. Bd3 Bg4 8. Nge2 e6 9. 0-0 Be7 10. a3 b5 11. b4 Nd7 12. f3 Bh5 13. e4 Nb6 14. e5 0-0 15. Be3 Rc8 16. Qb1 Bg6 17. f4 Nc4 18. Bc1 Qb6 19. Bxg6 hxg6 20. Qd3 Rc7 21. Rf3 N6xe5 22. fxe5 Nxe5 23. Qe3 Nxf3+ 24. Qxf3 Rfc8 25. Bd2 Bf6 26. Qd3 Rc4 27. Be3 Qc7 28. Rc1 e5 29. Nxd5 Rxc1+ 30. Bxc1 Qc2 31. Qxc2 Rxc2 32. Nxf6+ gxf6 33. Kf1 exd4 34. Ke1 d3 0-1

[Event "Titled Tuesday intern op 04th Jul Late"]
[Site "Chess.com INT"]
[Date "2023.07.04"]
[Round "7"]
[White "Bitelmajer, Martin"]
[Black "Prieto Aranguren, Alain"]
[Result "0-1"]
[WhiteElo "2475"]
[BlackElo "2258"]
[PlyCount "88"]
[EventDate "2023.07.04"]
[EventType "swiss (blitz)"]
[EventRounds "11"]
[EventCountry "USA"]
[SourceTitle "EXT 2024"]
[Source "ChessBase"]
[SourceDate "2023.10.10"]
[SourceVersion "1"]
[SourceVersionDate "2023.10.10"]
[SourceQuality "1"]

1. d4 g6 2. c4 Bg7 3. Nc3 d6 4. e4 Nc6 5. Be3 e5 6. d5 Nd4 7. Bd3 c5 8. h3 Ne7 9. g4 0-0 10. Nge2 f5 11. gxf5 gxf5 12. exf5 Nexf5 13. Qa4 Bd7 14. Qa3 Nf3+ 15. Kd1 N5d4 16. Bxd4 cxd4 17. Ne4 Bf5 18. Kc2 a6 19. N2g3 Bg6 20. Qxd6 Qxd6 21. Nxd6 Nh4 22. Bxg6 Rxf2+ 23. Kb3 hxg6 24. Raf1 Raf8 25. Rxf2 Rxf2 26. Nge4 Rf3+ 27. Kb4 Bf8 28. Kc5 Nf5 29. b4 Rf4 30. Kb6 Nxd6 31. Nxd6 Bxd6 32. c5 Bf8 33. d6 Rf7 34. Re1 Bg7 35. a4 d3 36. b5 axb5 37. axb5 e4 38. c6 Bd4+ 39. Ka5 bxc6 40. bxc6 d2 41. Rd1 e3 42. c7 Rf8 43. d7 e2 44. Rg1 d1Q 0-1

[Event "Titled Tuesday intern op 04th Jul Early"]
[Site "Chess.com INT"]
[Date "2023.07.04"]
[Round "7"]
[White "Bitelmajer, Martin"]
[Black "Vyatkin, Dmitry"]
[Result "1/2-1/2"]
[WhiteElo "2475"]
[BlackElo "2362"]
[PlyCount "76"]
[EventDate "2023.07.04"]
[EventType "swiss (blitz)"]
[EventRounds "11"]
[EventCountry "USA"]
[SourceTitle "EXT 2024"]
[Source "ChessBase"]
[SourceDate "2023.10.10"]
[SourceVersion "1"]
[SourceVersionDate "2023.10.10"]
[SourceQuality "1"]

1. d4 Nf6 2. c4 g6 3. Nc3 Bg7 4. e4 d6 5. h3 0-0 6. Be3 c5 7. d5 e6 8. Bd3 exd5 9. exd5 Re8 10. Nge2 Nbd7 11. 0-0 Ne5 12. Bf4 Nxd3 13. Qxd3 Bf5 14. Qd1 a6 15. Ng3 Qd7 16. Nxf5 gxf5 17. a4 Ne4 18. Qf3 Kh8 19. Nd1 Bd4 20. Qd3 b5 21. axb5 axb5 22. Rxa8 Rxa8 23. cxb5 Rb8 24. Nc3 Bxc3 25. bxc3 Qxb5 26. Qxb5 Rxb5 27. c4 Rb4 28. Rc1 Rb6 29. f3 Nf6 30. Bd2 Kg7 31. Bf4 Kg6 32. Re1 Nh5 33. Bh2 f4 34. Re4 Kf5 35. Re7 Kf6 36. Re4 Kf5 37. Re7 Kf6 38. Re4 Kf5 1/2-1/2

[Event "Titled Tuesday intern op 04th Jul Late"]
[Site "Chess.com INT"]
[Date "2023.07.04"]
[Round "8"]
[White "Herman, Matthew J"]
[Black "Bitelmajer, Martin"]
[Result "1-0"]
[WhiteElo "2383"]
[BlackElo "2475"]
[PlyCount "87"]
[EventDate "2023.07.04"]
[EventType "swiss (blitz)"]
[EventRounds "11"]
[EventCountry "USA"]
[SourceTitle "EXT 2024"]
[Source "ChessBase"]
[SourceDate "2023.10.10"]
[SourceVersion "1"]
[SourceVersionDate "2023.10.10"]
[SourceQuality "1"]

1. Nf3 d5 2. g3 Nf6 3. Bg2 Bf5 4. d3 e6 5. h3 c6 6. b3 Nbd7 7. Bb2 Be7 8. Nh4 Bg6 9. Nd2 0-0 10. Nxg6 hxg6 11. e3 e5 12. a3 Re8 13. h4 Bd6 14. g4 Nf8 15. g5 N6h7 16. Qf3 a5 17. Kf1 a4 18. b4 Qd7 19. Bh3 Qe7 20. Bg2 Qe6 21. Rc1 Qf5 22. Qe2 e4 23. Bh3 exd3 24. cxd3 Qe5 25. Bxe5 Bxe5 26. Rc2 Ne6 27. Qf3 d4 28. Ne4 dxe3 29. fxe3 Bc7 30. Bxe6 Rxe6 31. h5 gxh5 32. Qxh5 Kf8 33. Qxh7 Ke7 34. Qxg7 Rf8 35. Qd4 Be5 36. Qc5+ Bd6 37. Nxd6 Rxd6 38. Qe5+ Re6 39. Qc7+ Ke8 40. e4 f6 41. g6 f5 42. e5 f4 43. Rh7 f3 44. Qd7# 1-0

[Event "Titled Tuesday intern op 04th Jul Late"]
[Site "Chess.com INT"]
[Date "2023.07.04"]
[Round "11"]
[White "Oliveira, Tiago Batista"]
[Black "Bitelmajer, Martin"]
[Result "0-1"]
[WhiteElo "1971"]
[BlackElo "2475"]
[PlyCount "106"]
[EventDate "2023.07.04"]
[EventType "swiss (blitz)"]
[EventRounds "11"]
[EventCountry "USA"]
[SourceTitle "EXT 2024"]
[Source "ChessBase"]
[SourceDate "2023.10.10"]
[SourceVersion "1"]
[SourceVersionDate "2023.10.10"]
[SourceQuality "1"]

1. d4 d5 2. c4 c6 3. Nf3 Nf6 4. Qc2 e6 5. g3 Bd6 6. Bg2 0-0 7. 0-0 Nbd7 8. Rd1 Ne4 9. Nbd2 f5 10. Nf1 Ndf6 11. Ng5 h6 12. Nxe4 fxe4 13. f3 exf3 14. exf3 h5 15. Re1 h4 16. Qg6 hxg3 17. hxg3 Qe8 18. Qxe8 Rxe8 19. c5 Bc7 20. Bg5 Bd7 21. Bh3 Kf7 22. Kg2 Re7 23. Nd2 Rae8 24. Bxf6 gxf6 25. f4 e5 26. Bxd7 Rxd7 27. fxe5 fxe5 28. Rf1+ Kg7 29. Nf3 e4 30. Nh4 Re6 31. Rf5 Rf6 32. Raf1 Rdf7 33. g4 b6 34. g5 Rxf5 35. Nxf5+ Kf8 36. g6 Rf6 37. cxb6 axb6 38. g7+ Kg8 39. Ne7+ Kxg7 40. Rxf6 Kxf6 41. Nxc6 Ke6 42. Kf2 Bd6 43. a3 Bf8 44. Ke2 Kd6 45. Nb4 Kc7 46. Nxd5+ Kd6 47. Nc3 Bh6 48. Nxe4+ Kd5 49. Nc3+ Kxd4 50. Na4 b5 51. Nb6 Kc5 52. Nd7+ Kc4 53. Kd1 Kb3 0-1

[Event "Titled Tuesday intern op 04th Jul Early"]
[Site "Chess.com INT"]
[Date "2023.07.04"]
[Round "9"]
[White "Smirnov, Mark A"]
[Black "Bitelmajer, Martin"]
[Result "1-0"]
[WhiteElo "1931"]
[BlackElo "2475"]
[PlyCount "35"]
[EventDate "2023.07.04"]
[EventType "swiss (blitz)"]
[EventRounds "11"]
[EventCountry "USA"]
[SourceTitle "EXT 2024"]
[Source "ChessBase"]
[SourceDate "2023.10.10"]
[SourceVersion "1"]
[SourceVersionDate "2023.10.10"]
[SourceQuality "1"]

1. e4 c6 2. d4 d5 3. Nc3 dxe4 4. Nxe4 Nd7 5. Ng5 Ngf6 6. Bd3 e6 7. N1f3 Bd6 8. Qe2 0-0 9. Nxe6 fxe6 10. Qxe6+ Kh8 11. Qxd6 Re8+ 12. Be3 Qa5+ 13. c3 Nd5 14. 0-0 Nxe3 15. fxe3 Rxe3 16. Ne5 h6 17. Qf8+ Nxf8 18. Rxf8# 1-0

[Event "Titled Tuesday intern op 27th Jun Late"]
[Site "Chess.com INT"]
[Date "2023.06.27"]
[Round "3"]
[White "Bitelmajer, Martin"]
[Black "Brown, Raehanna"]
[Result "1-0"]
[WhiteElo "2475"]
[BlackElo "1710"]
[PlyCount "87"]
[EventDate "2023.06.27"]
[EventType "swiss (blitz)"]
[EventRounds "11"]
[EventCountry "USA"]
[SourceTitle "EXT 2024"]
[Source "ChessBase"]
[SourceDate "2023.10.10"]
[SourceVersion "1"]
[SourceVersionDate "2023.10.10"]
[SourceQuality "1"]

1. d4 Nf6 2. c4 g6 3. Nc3 Bg7 4. e4 d6 5. h3 0-0 6. Be3 Nbd7 7. Bd3 c5 8. d5 a6 9. g4 b5 10. cxb5 axb5 11. Bxb5 Qa5 12. Bd3 Ba6 13. Nge2 Bxd3 14. Qxd3 Rfb8 15. Qc2 Qb4 16. Bc1 Ne5 17. 0-0 Nfd7 18. a3 Qc4 19. f4 Nd3 20. Rd1 Nxc1 21. Raxc1 Rb7 22. Rb1 Rab8 23. Rd2 Rb3 24. Nd1 Qxc2 25. Rxc2 Rxa3 26. bxa3 Rxb1 27. Rd2 Ra1 28. Kf2 Rxa3 29. Rb2 Bxb2 30. Nxb2 Ra2 31. Nd3 Nb6 32. Ke3 Nc4+ 33. Kf3 Nd2+ 34. Ke3 Nf1+ 35. Kf2 Nd2 36. Ke3 c4 37. Nb4 Rb2 38. Nc6 Nf1+ 39. Kf2 Rb1 40. Nxe7+ Kg7 41. Nc8 Nd2 42. Nxd6 c3 43. Nxc3 Rf1+ 44. Ke2 1-0

[Event "Titled Tuesday intern op 27th Jun Late"]
[Site "Chess.com INT"]
[Date "2023.06.27"]
[Round "10"]
[White "Bitelmajer, Martin"]
[Black "Hartikainen, Jarmo"]
[Result "0-1"]
[WhiteElo "2475"]
[BlackElo "2108"]
[PlyCount "68"]
[EventDate "2023.06.27"]
[EventType "swiss (blitz)"]
[EventRounds "11"]
[EventCountry "USA"]
[SourceTitle "EXT 2024"]
[Source "ChessBase"]
[SourceDate "2023.10.10"]
[SourceVersion "1"]
[SourceVersionDate "2023.10.10"]
[SourceQuality "1"]

1. d4 Nf6 2. c4 g6 3. Nc3 d5 4. cxd5 Nxd5 5. e4 Nxc3 6. bxc3 Bg7 7. Nf3 0-0 8. Be3 c5 9. Be2 Nd7 10. 0-0 b6 11. a4 a6 12. Rb1 Qc7 13. Qb3 Bb7 14. Bd3 Rac8 15. Qb2 f5 16. Ng5 fxe4 17. Ne6 Qc6 18. Bc4 Kh8 19. Nxf8 Rxf8 20. d5 Qf6 21. Rbc1 Ne5 22. Be2 Bxd5 23. Rfd1 e6 24. Rb1 Nf3+ 25. Bxf3 exf3 26. Qd2 fxg2 27. Rxb6 Qxc3 28. Qxc3 Bxc3 29. Bxc5 Rc8 30. Be3 Ba5 31. Rbb1 Bf3 32. Rdc1 Rxc1+ 33. Rxc1 Kg7 34. Rc8 Kf6 0-1

[Event "Titled Tuesday intern op 27th Jun Early"]
[Site "Chess.com INT"]
[Date "2023.06.27"]
[Round "2"]
[White "Bitelmajer, Martin"]
[Black "Laddha, Shubh Jayesh"]
[Result "0-1"]
[WhiteElo "2475"]
[BlackElo "2393"]
[PlyCount "54"]
[EventDate "2023.06.27"]
[EventType "swiss (blitz)"]
[EventRounds "11"]
[EventCountry "USA"]
[SourceTitle "EXT 2024"]
[Source "ChessBase"]
[SourceDate "2023.10.10"]
[SourceVersion "1"]
[SourceVersionDate "2023.10.10"]
[SourceQuality "1"]

1. d4 d5 2. c4 c6 3. Nc3 Nf6 4. cxd5 cxd5 5. Bf4 Nc6 6. e3 a6 7. Bd3 Bg4 8. Nge2 e6 9. 0-0 Bd6 10. Bxd6 Qxd6 11. Rc1 0-0 12. Na4 e5 13. dxe5 Nxe5 14. h3 Bh5 15. Qd2 Qd7 16. Nb6 Qxh3 17. Nf4 Qg4 18. f3 Qg5 19. Nxa8 Nxf3+ 20. Rxf3 Bxf3 21. Qf2 Be4 22. Nb6 Bxd3 23. Nxd3 Ne4 24. Qf3 Re8 25. Nf4 Qf6 26. Nbxd5 Qxb2 27. Rd1 h6 0-1

[Event "Titled Tuesday intern op 27th Jun Late"]
[Site "Chess.com INT"]
[Date "2023.06.27"]
[Round "2"]
[White "Liyanage, Ranindu Dilshan"]
[Black "Bitelmajer, Martin"]
[Result "1-0"]
[WhiteElo "2361"]
[BlackElo "2475"]
[PlyCount "43"]
[EventDate "2023.06.27"]
[EventType "swiss (blitz)"]
[EventRounds "11"]
[EventCountry "USA"]
[SourceTitle "EXT 2024"]
[Source "ChessBase"]
[SourceDate "2023.10.10"]
[SourceVersion "1"]
[SourceVersionDate "2023.10.10"]
[SourceQuality "1"]

1. e4 c6 2. d4 d5 3. e5 Bf5 4. c4 e6 5. Nc3 dxc4 6. Bxc4 Nd7 7. Nf3 Ne7 8. h3 Nd5 9. Bd3 Bxd3 10. Qxd3 Be7 11. 0-0 0-0 12. Ne4 c5 13. Bg5 cxd4 14. Bxe7 Nxe7 15. Neg5 g6 16. Qxd4 Nf5 17. Qf4 Qb6 18. Rfd1 Nc5 19. b4 Na4 20. g4 Ne7 21. Ne4 Rfd8 22. Qh6 1-0

[Event "Titled Tuesday intern op 27th Jun Early"]
[Site "Chess.com INT"]
[Date "2023.06.27"]
[Round "3"]
[White "Winkels, Marcel"]
[Black "Bitelmajer, Martin"]
[Result "0-1"]
[WhiteElo "1920"]
[BlackElo "2475"]
[PlyCount "58"]
[EventDate "2023.06.27"]
[EventType "swiss (blitz)"]
[EventRounds "11"]
[EventCountry "USA"]
[SourceTitle "EXT 2024"]
[Source "ChessBase"]
[SourceDate "2023.10.10"]
[SourceVersion "1"]
[SourceVersionDate "2023.10.10"]
[SourceQuality "1"]

1. e4 c6 2. d4 d5 3. exd5 cxd5 4. c4 Nf6 5. Nc3 e6 6. Nf3 Be7 7. cxd5 Nxd5 8. Bd3 0-0 9. 0-0 Nc6 10. Re1 Nf6 11. a3 b6 12. Bc2 Bb7 13. Qd3 Qc7 14. Bg5 g6 15. Bh6 Rfd8 16. Bb3 Bf8 17. Qd2 Bxh6 18. Qxh6 Nxd4 19. Ng5 Nxb3 20. Re3 Nd4 21. Rh3 Nf5 22. Qxh7+ Nxh7 23. Rxh7 Ng7 24. Nce4 Qe7 25. h4 Nh5 26. g4 Bxe4 27. gxh5 Qxg5+ 28. hxg5 Kxh7 29. h6 Rd5 0-1

[Event "Titled Tuesday intern op 20th Jun Late"]
[Site "Chess.com INT"]
[Date "2023.06.20"]
[Round "9"]
[White "Bitelmajer, Martin"]
[Black "Cueto, Jose"]
[Result "1-0"]
[WhiteElo "2475"]
[BlackElo "2119"]
[PlyCount "73"]
[EventDate "2023.06.20"]
[EventType "swiss (blitz)"]
[EventRounds "11"]
[EventCountry "USA"]
[SourceTitle "EXT 2024"]
[Source "ChessBase"]
[SourceDate "2023.10.10"]
[SourceVersion "1"]
[SourceVersionDate "2023.10.10"]
[SourceQuality "1"]

1. d4 e6 2. c4 Nf6 3. g3 Bb4+ 4. Bd2 Qe7 5. Nf3 0-0 6. Bg2 c5 7. e3 Nc6 8. 0-0 d6 9. a3 Bxd2 10. Qxd2 Bd7 11. Nc3 a6 12. d5 exd5 13. Nxd5 Nxd5 14. Qxd5 Be6 15. Qd3 b5 16. b3 Rab8 17. Rfd1 bxc4 18. bxc4 Na5 19. Nd2 Rb2 20. Rdb1 Rfb8 21. Rxb2 Rxb2 22. Qc3 Rxd2 23. Qxa5 Qf6 24. Rf1 Bxc4 25. Qxd2 Bxf1 26. Bxf1 g6 27. Bxa6 Qa1+ 28. Kg2 Qxa3 29. Qxd6 Qc3 30. Qd5 Qf6 31. Bc4 h5 32. Qxc5 h4 33. Qd5 Kg7 34. Qd4 hxg3 35. hxg3 Qxd4 36. exd4 Kf6 37. Kf3 1-0

[Event "Titled Tuesday intern op 20th Jun Late"]
[Site "Chess.com INT"]
[Date "2023.06.20"]
[Round "10"]
[White "Bitelmajer, Martin"]
[Black "Joel Paul, Ganta"]
[Result "1/2-1/2"]
[WhiteElo "2475"]
[BlackElo "1974"]
[PlyCount "63"]
[EventDate "2023.06.20"]
[EventType "swiss (blitz)"]
[EventRounds "11"]
[EventCountry "USA"]
[SourceTitle "EXT 2024"]
[Source "ChessBase"]
[SourceDate "2023.10.10"]
[SourceVersion "1"]
[SourceVersionDate "2023.10.10"]
[SourceQuality "1"]

1. d4 g6 2. c4 Bg7 3. Nc3 d6 4. e4 e5 5. d5 Nd7 6. h3 a5 7. g4 h5 8. gxh5 Rxh5 9. Be2 Rh8 10. Bd3 Nc5 11. Nge2 Rxh3 12. Rxh3 Bxh3 13. Be3 Nf6 14. Qd2 Ng4 15. 0-0-0 Nxe3 16. Qxe3 Qh4 17. Kb1 Nxd3 18. Qxd3 Bd7 19. Ng3 f5 20. Rh1 Qf6 21. Rh7 0-0-0 22. Nb5 f4 23. Ne2 Bxb5 24. cxb5 b6 25. Qh3+ Kb8 26. Qe6 Rh8 27. Rxh8+ Bxh8 28. Qe8+ Ka7 29. Qd7 Kb8 30. Qe8+ Kb7 31. Qc6+ Kb8 32. Qe8+ 1/2-1/2

[Event "Titled Tuesday intern op 20th Jun Late"]
[Site "Chess.com INT"]
[Date "2023.06.20"]
[Round "8"]
[White "Dimitrijevic, Aleksandra"]
[Black "Bitelmajer, Martin"]
[Result "1-0"]
[WhiteElo "2108"]
[BlackElo "2475"]
[PlyCount "59"]
[EventDate "2023.06.20"]
[EventType "swiss (blitz)"]
[EventRounds "11"]
[EventCountry "USA"]
[SourceTitle "EXT 2024"]
[Source "ChessBase"]
[SourceDate "2023.10.10"]
[SourceVersion "1"]
[SourceVersionDate "2023.10.10"]
[SourceQuality "1"]

1. d4 d5 2. c4 c6 3. Nf3 Nf6 4. Nc3 e6 5. e3 Bd6 6. Bd3 dxc4 7. Bxc4 b5 8. Bd3 Bb7 9. 0-0 0-0 10. e4 Be7 11. e5 Nd5 12. a3 a6 13. Ne4 Nd7 14. Qc2 g6 15. Bh6 Re8 16. b4 a5 17. bxa5 Rxa5 18. h4 Rxa3 19. Rxa3 Bxa3 20. Qd2 Be7 21. h5 b4 22. hxg6 hxg6 23. Nfg5 c5 24. Qe2 cxd4 25. Nxf7 Kxf7 26. Qf3+ Kg8 27. Qg3 Kh7 28. Nf6+ N7xf6 29. Qxg6+ Kh8 30. Qg7# 1-0

[Event "Titled Tuesday intern op 20th Jun Late"]
[Site "Chess.com INT"]
[Date "2023.06.20"]
[Round "11"]
[White "Sarkar, Justin"]
[Black "Bitelmajer, Martin"]
[Result "1-0"]
[WhiteElo "2320"]
[BlackElo "2475"]
[PlyCount "77"]
[EventDate "2023.06.20"]
[EventType "swiss (blitz)"]
[EventRounds "11"]
[EventCountry "USA"]
[SourceTitle "EXT 2024"]
[Source "ChessBase"]
[SourceDate "2023.10.10"]
[SourceVersion "1"]
[SourceVersionDate "2023.10.10"]
[SourceQuality "1"]

1. e4 c6 2. c3 d5 3. e5 Bf5 4. Nf3 e6 5. d4 c5 6. Be3 Qb6 7. Qb3 c4 8. Qa4+ Nc6 9. b3 Bc2 10. Nbd2 Nge7 11. Rc1 cxb3 12. axb3 Bf5 13. Be2 Bg4 14. h3 Bxf3 15. Nxf3 Nf5 16. Bd2 Be7 17. g4 Nh6 18. 0-0 0-0 19. Ne1 Qd8 20. Nd3 a6 21. Kg2 b5 22. Qa1 Bg5 23. f4 Be7 24. b4 Nb8 25. f5 Bg5 26. Qb2 Bxd2 27. Qxd2 Nd7 28. f6 gxf6 29. Qxh6 fxe5 30. Nxe5 Nxe5 31. dxe5 Kh8 32. Bd3 f5 33. exf6 Rf7 34. Rce1 Qd6 35. Bg6 Rc7 36. f7 Rxf7 37. Rxf7 Qh2+ 38. Kxh2 d4 39. Qxh7# 1-0

[Event "Titled Tuesday intern op 06th Jun Early"]
[Site "Chess.com INT"]
[Date "2023.06.06"]
[Round "7"]
[White "Bitelmajer, Martin"]
[Black "Quirke, Jeffrey"]
[Result "0-1"]
[WhiteElo "2475"]
[BlackElo "2002"]
[PlyCount "68"]
[EventDate "2023.06.06"]
[EventType "swiss (blitz)"]
[EventRounds "11"]
[EventCountry "USA"]
[SourceTitle "EXT 2024"]
[Source "ChessBase"]
[SourceDate "2023.10.10"]
[SourceVersion "1"]
[SourceVersionDate "2023.10.10"]
[SourceQuality "1"]

1. e4 Nf6 2. e5 Nd5 3. c4 Nb6 4. c5 Nd5 5. d4 d6 6. Nc3 c6 7. Nxd5 cxd5 8. Qf3 Be6 9. exd6 exd6 10. cxd6 Bxd6 11. Bb5+ Nc6 12. Bxc6+ bxc6 13. Be3 0-0 14. Ne2 Qa5+ 15. Bd2 Qb6 16. Rb1 Rfe8 17. 0-0 Qa6 18. Nc3 Rab8 19. Rfe1 g6 20. Bh6 Bf5 21. g4 Bxb1 22. Qf6 Bf8 23. Rxe8 Rxe8 24. Bxf8 Kxf8 25. Qh8+ Ke7 26. Qe5+ Kd7 27. Qf6 Re1+ 28. Kg2 Qf1+ 29. Kg3 Re3+ 30. Kh4 Rh3+ 31. Kg5 h6+ 32. Kf4 Qxf2+ 33. Ke5 Re3+ 34. Ne4 Rxe4# 0-1

[Event "Titled Tuesday intern op 06th Jun Early"]
[Site "Chess.com INT"]
[Date "2023.06.06"]
[Round "2"]
[White "Jiganchine, Roman"]
[Black "Bitelmajer, Martin"]
[Result "1-0"]
[WhiteElo "2205"]
[BlackElo "2475"]
[PlyCount "83"]
[EventDate "2023.06.06"]
[EventType "swiss (blitz)"]
[EventRounds "11"]
[EventCountry "USA"]
[SourceTitle "EXT 2024"]
[Source "ChessBase"]
[SourceDate "2023.10.10"]
[SourceVersion "1"]
[SourceVersionDate "2023.10.10"]
[SourceQuality "1"]

1. e4 c5 2. Nf3 Nc6 3. Bb5 g6 4. 0-0 Bg7 5. Re1 e6 6. Bxc6 bxc6 7. e5 Ne7 8. d3 0-0 9. Nc3 Nd5 10. Ne4 Qb6 11. a3 Ba6 12. c4 Nc7 13. Rb1 Rad8 14. Be3 Qb8 15. Bxc5 Rfe8 16. Nd6 Na8 17. Nxe8 Rxe8 18. Bd6 Qb6 19. Qd2 c5 20. Ng5 h6 21. Ne4 Nc7 22. Bxc5 Qb8 23. Bd6 Qb7 24. Qf4 Qc8 25. Nf6+ Bxf6 26. Qxf6 Rf8 27. Re3 Kh7 28. Rh3 Ne8 29. Qh4 h5 30. Bxf8 Ng7 31. Bxg7 Kxg7 32. Qf6+ Kg8 33. Rf3 Qe8 34. Rd1 Bb7 35. Rf4 d5 36. cxd5 exd5 37. e6 fxe6 38. Re1 d4 39. Rxe6 Qa4 40. Qxg6+ Kh8 41. Qh6+ Kg8 42. Rg6# 1-0

[Event "Titled Tuesday intern op 06th Jun Early"]
[Site "Chess.com INT"]
[Date "2023.06.06"]
[Round "10"]
[White "Skiadopoulos, Nikolaos"]
[Black "Bitelmajer, Martin"]
[Result "1-0"]
[WhiteElo "1896"]
[BlackElo "2475"]
[PlyCount "57"]
[EventDate "2023.06.06"]
[EventType "swiss (blitz)"]
[EventRounds "11"]
[EventCountry "USA"]
[SourceTitle "EXT 2024"]
[Source "ChessBase"]
[SourceDate "2023.10.10"]
[SourceVersion "1"]
[SourceVersionDate "2023.10.10"]
[SourceQuality "1"]

1. e4 c5 2. b4 cxb4 3. a3 bxa3 4. Nxa3 Nc6 5. d4 d5 6. exd5 Qxd5 7. Nf3 Bg4 8. Be2 e5 9. dxe5 Bxf3 10. Bxf3 Qxd1+ 11. Kxd1 0-0-0+ 12. Ke2 Nxe5 13. Be3 a6 14. Be4 Nf6 15. Bf5+ Kb8 16. Bf4 Bd6 17. Rab1 Ng6 18. Bxd6+ Rxd6 19. Rhd1 Rhd8 20. Rxd6 Rxd6 21. Nc4 Rc6 22. Na5 Rd6 23. Rxb7+ Ka8 24. Bxg6 fxg6 25. Rxg7 Re6+ 26. Kd3 Re5 27. Nc6 Rd5+ 28. Kc4 Rd2 29. Ra7# 1-0

[Event "Titled Tuesday intern op 23rd May Early"]
[Site "Chess.com INT"]
[Date "2023.05.23"]
[Round "6"]
[White "Bitelmajer, Martin"]
[Black "Shah, Vishwa Megh"]
[Result "1-0"]
[WhiteElo "2475"]
[BlackElo "2054"]
[PlyCount "49"]
[EventDate "2023.05.23"]
[EventType "swiss (blitz)"]
[EventRounds "11"]
[EventCountry "USA"]
[SourceTitle "CBM 214 Extra"]
[Source "ChessBase"]
[SourceDate "2023.07.31"]
[SourceVersion "1"]
[SourceVersionDate "2023.07.31"]
[SourceQuality "1"]

1. d4 Nf6 2. c4 c5 3. d5 b5 4. cxb5 a6 5. bxa6 g6 6. Nc3 Bg7 7. g3 0-0 8. Bg2 d6 9. Nf3 Nbd7 10. 0-0 Nb6 11. Nd2 Bxa6 12. Rb1 Bb7 13. e4 Ba6 14. Re1 Nfd7 15. Qc2 Ne5 16. Bf1 c4 17. b3 Nd3 18. Rd1 Bd4 19. Nxc4 Nxc4 20. bxc4 Ne5 21. Nb5 Bc5 22. a4 Bxb5 23. axb5 Qa5 24. Bb2 Qa2 25. Ra1 1-0

[Event "Titled Tuesday intern op 23rd May Late"]
[Site "Chess.com INT"]
[Date "2023.05.23"]
[Round "1"]
[White "Bortnyk, Mykola"]
[Black "Bitelmajer, Martin"]
[Result "1-0"]
[WhiteElo "2425"]
[BlackElo "2475"]
[PlyCount "59"]
[EventDate "2023.05.23"]
[EventType "swiss (blitz)"]
[EventRounds "11"]
[EventCountry "USA"]
[SourceTitle "EXT 2024"]
[Source "ChessBase"]
[SourceDate "2023.10.10"]
[SourceVersion "1"]
[SourceVersionDate "2023.10.10"]
[SourceQuality "1"]

1. e4 c6 2. Nc3 d5 3. Nf3 Bg4 4. h3 Bxf3 5. Qxf3 Nf6 6. exd5 cxd5 7. Bb5+ Nc6 8. 0-0 e6 9. Re1 Be7 10. Ne2 0-0 11. c3 a6 12. Ba4 Ne5 13. Qg3 Nc4 14. d3 Nd6 15. Bc2 Nf5 16. Qf3 Bd6 17. d4 Ne7 18. Bg5 Ng6 19. h4 Re8 20. h5 Nf8 21. h6 Be7 22. hxg7 Kxg7 23. Nf4 Ng6 24. Bxf6+ Bxf6 25. Nh5+ Kh8 26. Nxf6 e5 27. Bxg6 fxg6 28. Nxe8 Qxe8 29. Qf6+ Kg8 30. Rxe5 1-0